00215nam a2200085Ia 4500008004100000082001600041100002500057245003900082300000800121210430s9999 xx 000 0 und d a813.6 D167K aMushtaq Ahmad Yousfi aKhakim BadancMushtaq Ahmad Yousfi a215